000 00681nam a2200277Ia 4500
005 20260324144726.0
008 008 260324s9999 xx 000 0 eng d
020 _a9781315695402
037 _aEBOOK
040 _aCRL
040 _beng
040 _cCRL
041 _2eng
041 _aeng
084 _qCRL
100 _aOfira Seliktar
_91191370
245 0 _aNew Zionism and the Foreign Policy System of Israel (RLE Israel and Palestine)
260 _bTaylor and Francis
260 _c1986
365 _a
365 _b240
856 _uhttp://www.taylorfrancis.com/books/9781315695402
942 _cEBOOK
999 _c1827353
_d1827353